006200000a2200181000450024500750000065000230007565000250009865000250012365100430014865300330019165300290022465300290025365300270028265300340030904100130034310000170035677300650037310aPrimate censusing in northern Colombia: a comparison of two techniques14aCensos de primates14aDensidad poblacional14aTécnicas de censos 4lRío Magdalena, Río CaucapColombia gAlouattaeAlouatta seniculus gAotuseAotus trivirgatus gAteleseAteles belzebuth gCebuseCebus albifrons gSauguinuseSauguinus leucopus0 aInglés1 aGreen, K. M.1 tPrimates a Journal of Primatology3423h3q537-550d1978g19